Every Class 1 Nebraska Senator - Statistics

General Stats
  • This quiz has been taken 17 times
  • The average score is 8 of 22
Answer Stats
Picture Hint Answer % Correct
D(1989-2001) Bob Kerrey
100%
R(2013-) Deb Fischer
100%
D(2001-2013) Ben Nelson
75%
R(1887-1893) Algernon S. Paddock
25%
R(1875-1881) Algernon S. Paddock
25%
R(1901-1905) Charles H. Dietrich
25%
R(1881-1887) Charles H. Van Wyck
25%
R(1987-1989) David K. Karnes
25%
D(1935-1941) Edward R. Burke
25%
D(1976-1987) Edward Zorinsky
25%
R(1905-1911) Elmer J. Burkett
25%
D(1911-1923) Gilbert M. Hitchcock
25%
R(1941-1954) Hugh A. Butler
25%
R(1899-1899) Monroe L. Hayward
25%
D(1934-1935) Richard C. Hunter
25%
R(1923-1933) Robert B. Howell
25%
R(1954-1976) Roman L. Hruska
25%
R(1954-1954) Samuel W. Reynolds
25%
LR(1867-1875) Thomas W. Tipton
25%
D(1933-1934) William H. Thompson
25%
PO(1899-1901) William V. Allen
25%
PO(1893-1899) William V. Allen
25%
No matching quizzes found
Score Distribution
Percent of People with Each Score
Percentile by Number Answered
Your Score History
You have not taken this quiz